ARRUPE JESUIT UNIVERSITY

CORONAVIRUS -STOP THE SPREAD - CLEAN,DISINFECT,COVER

Peasants, traders, and wives (Record no. 13689)

MARC details
000 -LEADER
fixed length control field 00540nam a2200217Ia 4500
003 - CONTROL NUMBER IDENTIFIER
control field 0100
005 - DATE AND TIME OF LATEST TRANSACTION
control field 20170601090543.0
008 - FIXED-LENGTH DATA ELEMENTS--GENERAL INFORMATION
fixed length control field 130303s9999 xx 000 0 und d
020 ## - INTERNATIONAL STANDARD BOOK NUMBER
International Standard Book Number 435080660
040 ## - CATALOGING SOURCE
Transcribing agency ARRUPELIB
050 ## - LIBRARY OF CONGRESS CALL NUMBER
Classification number DT2913.S55S36 1992
300 ## - PHYSICAL DESCRIPTION
Other physical details 289p. 23cm
100 ## - MAIN ENTRY--PERSONAL NAME
Personal name Schmidt, Elizabeth
9 (RLIN) 31804
245 ## - TITLE STATEMENT
Title Peasants, traders, and wives
245 ## - TITLE STATEMENT
Remainder of title Shona women in the history of Zimbabwe, 1870-1939
260 ## - PUBLICATION, DISTRIBUTION, ETC. (IMPRINT)
Name of publisher, distributor, etc Heinemann
Place of publication, distribution, etc Portsmouth, N.H
Date of publication, distribution, etc 1992
300 ## - PHYSICAL DESCRIPTION
Extent xiii
650 ## - SUBJECT ADDED ENTRY--TOPICAL TERM
Topical term or geographic name as entry element Patriarchy
General subdivision Zimbabwe
-- History Shona (African people)
9 (RLIN) 31805
650 ## - SUBJECT ADDED ENTRY--TOPICAL TERM
Topical term or geographic name as entry element Foreign relations Zimbabwe
General subdivision Politics and government
9 (RLIN) 31806
650 ## - SUBJECT ADDED ENTRY--TOPICAL TERM
Topical term or geographic name as entry element Shona (African people)
General subdivision Politics and government Zimbabwe
9 (RLIN) 31807
650 ## - SUBJECT ADDED ENTRY--TOPICAL TERM
Topical term or geographic name as entry element Government relations
9 (RLIN) 31808
700 ## - ADDED ENTRY--PERSONAL NAME
Personal name Elizabeth Schmidt
9 (RLIN) 31809
942 00 - ADDED ENTRY ELEMENTS (KOHA)
Koha issues (borrowed), all copies 4
Source of classification or shelving scheme Library of Congress Classification
Koha item type Monograph ( Printed materials)
Holdings
Withdrawn status Lost status Source of classification or shelving scheme Damaged status Not for loan Collection code Home library Current library Shelving location Date acquired Total Checkouts Full call number Barcode Date last seen Date checked out Copy number Price effective from Koha item type
    Library of Congress Classification     Main Collection ARRUPE LIBRARY ARRUPE LIBRARY   04/03/2013 6 DT2913.S55S36 1992 46003033913 04/03/2026 29/03/2019 1 04/03/2013 Monograph ( Printed materials)
    Library of Congress Classification     Main Collection ARRUPE LIBRARY ARRUPE LIBRARY   04/03/2013 2 DT2913.S55S36 1992 46003033910 23/04/2019 19/03/2019 2 04/03/2013 Monograph ( Printed materials)

 

Arrupe Library. PO Box MP320 Mt Pleasant, Harare, Zimbabwe
263 242 745411|librarian@aju.ac.zw